Estatísticas para 50 Cidades Mais Populosas da Região Sul do Brasil

Clique aqui para jogar o quiz

Estatísticas Gerais

  • Esse quiz foi jogado 490 vezes
    (475 desde o último reset)
  • A pontuação média é 33 de 50

Estatísticas das Respostas

EstadoHabitantesCidade% Correto
PR1 848 943Curitiba
100%
RS1 467 823Porto Alegre
99%
SC453 285Florianópolis
98%
SC552 860Joinville
97%
PR537 566Londrina
96%
PR385 753Maringá
92%
RS441 332Caxias do Sul
89%
RS327 778Pelotas
89%
SC190 188Chapecó
87%
PR255 762Foz do Iguaçu
87%
SC298.082Blumenau
86%
PR305 172Cascavel
84%
SC210 779São José
83%
SC194 395Criciúma
82%
PR330 304Ponta Grossa
82%
RS261 027Santa Maria
79%
SC108 107Balneário Camboriú
77%
RS125 507Uruguaiana
75%
RS315 827Canoas
73%
SC186 650Itajaí
73%
RS239 051Novo Hamburgo
73%
RS198 048Rio Grande
72%
PR263 488São José dos Pinhais
72%
SC158 961Lages
68%
PR140 450Paranaguá
65%
RS192 028Passo Fundo
64%
RS116 078Bagé
62%
SC97 281Tubarão
62%
SC105 495Brusque
61%
RS107 341Bento Gonçalves
59%
RS214 210São Leopoldo
59%
PR182 703Guarapuava
56%
PR119 353Toledo
56%
RS256 081Gravataí
55%
SC143 206Jaraguá do Sul
55%
RS239 234Viamão
55%
SC137 334Palhoça
53%
PR119 207Araucária
52%
PR120.884Apucarana
49%
PR215 242Colombo
49%
PR117 166Pinhais
49%
PR102 716Umuarama
45%
RS195 718Alvorada
43%
PR104 161Arapongas
41%
PR112 486Campo Largo
41%
RS118 287Santa Cruz do Sul
41%
RS118 294Cachoeirinha
38%
RS130 988Sapucaia do Sul
38%
PR96 735Cambé
29%
PR103 245Almirante Tamandaré
26%

Distribuição das Pontuações

Percentil de Números Respondidos

Porcentagem de Pessoas com Cada Pontuação

Sua Pontuação Histórica

Você não jogou esse quiz desde o último reset